000 004690000a22001690004500
003 MACL
005 20160102155808.0
008 160102b xxu||||| |||| 00| 0 eng d
040 _aMACL
_cMACL
041 _aEnglish
082 _a820.8/LOC
100 _aLocke, A Audrey
_927319
245 _aIn Praise of Winchester
_bAn Anthology in Prose and Verse
260 _bConstable & Co Ltd
_c1912
_aLondon
650 _aEnglish Literature
_927320
942 _cBK
_k820.8/LOC
_2ddc
999 _c38057
_d38057